00531nam a2200193Ia 450000500170000000800410001704000190005804100120007708200130008910000160010224500330011826000520015130000170020350400500022063000270027065000100029765100200030785000100032720230615140209.0131103s9999 xx 000 0 und d aLoreto College aEnglish a930bLAM aLamb,Harold aCyrus the greatcHarold Lamb aDoubleday & Co.bNew Yorkc1960 (1963 printing) aviii,278 p.  aIncludes bibliographical references and index aRome - Ancient History aCyrus aAncient History aLCLIB